| 000 | 02010nam1a2200373 i 4500 | ||
|---|---|---|---|
| 001 | RU\NLR\bibl\540586 | ||
| 005 | 20260407074211.0 | ||
| 035 | _a(NLR Aleph) 000532834 | ||
| 090 |
_a1364079 _c1364079 |
||
| 100 | _a20040715d20049999k y0rusy50 ca | ||
| 101 | 0 |
_arus _deng _eeng |
|
| 102 | _aRU | ||
| 105 | _a||||z ||||| | ||
| 200 | 1 |
_aКалининградская область и ЕС: проблемы экономической интеграции _dThe Kaliningrad region and the EU: problems of economic integration _eСб. науч. тр. _fКалинингр. гос. ун-т _gПод ред. к.э.н. , доц. А.М. Чуйкина _zeng |
|
| 210 |
_aКалининград _cИзд-во КГУ _d2004 |
||
| 215 | _d21 | ||
| 225 | 1 |
_aПроект СГБМ "Еврофакультет - Калининградская инициатива" _dCBSS joined Baltic sea project "Eurofaculty-Kaliningrad" _zeng |
|
| 463 | 0 | _1001531028 | |
| 463 | 0 | _1001803674 | |
| 463 | 0 | _10011154788 | |
| 510 | 0 |
_aThe Kaliningrad region and the EU: problems of economic integration _zeng |
|
| 607 |
_aСтраны Европейского Союза _jСборники _xЭкономические взаимоотношения _yКалининградская область _92337165 _3RU\NLR\auth\661397239 |
||
| 607 |
_aКалининградская область _jСборники _xЭкономические взаимоотношения _yСтраны Европейского Союза _92337164 _3RU\NLR\auth\661397238 |
||
| 686 | _aУ9(2)8(2Р-4К)я43 | ||
| 686 | _aУ9(4)89(2)я43 | ||
| 686 | _aУ880-652я43 | ||
| 702 | 1 |
_aЧуйкин _bА. М. _gАнатолий Михайлович _4340 |
|
| 712 | 0 | 2 |
_4570 _aКалининградский государственный университет _3RU\NLR\AUTH\883347 _9277932 |
| 801 | 0 |
_aRU _bNLR _c20040715 _gPSBO |
|
| 801 | 1 |
_aRU _bNLR _c20040715 |
|
| 852 |
_aNLR _j2004-3/13644 |
||
| 942 | _cBOOK | ||